Targaryen King's - Statistics

General Stats
  • This quiz has been taken 918 times
  • The average score is 16 of 17
Answer Stats
Answers % Correct
Aegon I
100%
Aegon II
97%
Aegon III
97%
Viserys I
95%
Aerys I
94%
Maegor I
94%
Aegon IV
93%
Aerys II
93%
Viserys II
92%
Aegon V
91%
Aenys I
91%
Jaehaerys I
91%
Baelor I
88%
Jaehaerys II
86%
Daeron I
85%
Maekar I
82%
Daeron II
81%
No matching quizzes found
Score Distribution
Percent of People with Each Score
Percentile by Number Answered
Your Score History
You have not taken this quiz